000 00613nam a2200181Ia 4500
008 151018s9999 xx 000 0 und d
082 _bRBASDV48943
_a891.464
100 _aदिलीप नलगे
245 _aअर्धे आकाश आमचेच आहे
250 _b1
260 _bअजब प्रकाशन
_c2009
300 _a160
600 _aदिलीप नलगे
630 _aअर्धे आकाश आमचेच आहे
700 _aदिलीप नलगे
730 _aअर्धे आकाश आमचेच आहे
942 _cBOOK
999 _c1048066
_d1048063